Prima Comunella Poi Comunismo

-д хадгалсан:
Номзүйн дэлгэрэнгүй
Үндсэн зохиолч: Claudio Bisio
Формат: Ном
Хэл сонгох:Тодорхойгүй
Хэвлэсэн: Baldini&Castoldi
Шошгууд: Шошго нэмэх
Шошго байхгүй, Энэхүү баримтыг шошголох эхний хүн болох!

MARC

LEADER 00000nam a2200000Ia 4500
001 R-501
003 CODICE-MESSINA
005 20260212102453.0
008 260211s9999 xx 000 0 und d
040 |c importazione_messina 
100 |a Claudio Bisio 
245 0 |a Prima Comunella Poi Comunismo 
260 |b Baldini&Castoldi 
942 |2 ddc  |c BK 
952 |0 0  |1 0  |2 ddc  |4 0  |6 SCAFFALE_5_000000000000000__ROMANZI  |7 0  |9 31321  |a ME  |b ME  |d 2026-02-11  |l 0  |o SCAFFALE 5 - ROMANZI  |p R-501  |r 2026-02-11 23:52:28  |w 2026-02-11  |x [REVISIONARE]  |y BK 
999 |c 26985  |d 26985